[Event "Titled Tuesday intern op 25th Feb Early"]
[Site "Chess.com INT"]
[Date "2025.02.25"]
[Round "5"]
[White "Sobek, Jaroslav"]
[Black "Calvo Gonzalez, Jose Felix"]
[Result "0-1"]
[WhiteElo "2198"]
[BlackElo "2198"]
[PlyCount "60"]
[EventDate "2025.02.25"]
[EventType "swiss (blitz)"]
[EventRounds "11"]
[EventCountry "USA"]
[SourceTitle "CB10_2025"]
[SourceDate "2025.03.05"]
[SourceVersion "1"]
[SourceVersionDate "2025.03.05"]
[SourceQuality "1"]

1. d4 Nf6 2. c4 g6 3. Nc3 d5 4. Bf4 Bg7 5. e3 0-0 6. Rc1 dxc4 7. Bxc4 c5 8. Nf3 cxd4 9. Nxd4 Nbd7 10. Bg3 a6 11. 0-0 b5 12. Be2 Bb7 13. Bf3 Qb6 14. Bxb7 Qxb7 15. Qf3 Qxf3 16. Nxf3 Rac8 17. Rcd1 Rfd8 18. h3 b4 19. Na4 Ne4 20. Bh4 f6 21. Nd2 Nd6 22. Bg3 e5 23. Nb3 Ne4 24. Bh2 Kf7 25. f3 Ndc5 26. Rxd8 Rxd8 27. Nbxc5 Nd2 28. Rc1 Bh6 29. Rc2 Bxe3+ 30. Kh1 b3 0-1

[Event "Titled Tuesday intern op 11th Feb Early"]
[Site "Chess.com INT"]
[Date "2025.02.11"]
[Round "4"]
[White "Calvo Gonzalez, Jose Felix"]
[Black "Grutter, Tim"]
[Result "0-1"]
[WhiteElo "2198"]
[BlackElo "2400"]
[PlyCount "60"]
[EventDate "2025.02.11"]
[EventType "swiss (blitz)"]
[EventRounds "11"]
[EventCountry "USA"]
[SourceTitle "CB09_2025"]
[SourceDate "2025.02.27"]
[SourceVersion "1"]
[SourceVersionDate "2025.02.27"]
[SourceQuality "1"]

1. e4 d6 2. d4 Nf6 3. Nc3 Nbd7 4. Nf3 e5 5. Bc4 Be7 6. 0-0 c6 7. a4 Qc7 8. Qe2 h6 9. Rd1 Nf8 10. h3 g5 11. Nh2 Ng6 12. b4 Rg8 13. d5 Nh4 14. g4 h5 15. f3 Qb6+ 16. Be3 Qxb4 17. Rdb1 Qa5 18. Rb3 Qc7 19. Rab1 Ng6 20. dxc6 bxc6 21. Na2 Nf4 22. Bxf4 gxf4 23. Nb4 hxg4 24. hxg4 Nd7 25. Na6 Bxa6 26. Bxa6 Nc5 27. Bb7 Rd8 28. Rc3 Nxb7 29. Qa6 Nc5 30. Rxc5 dxc5 0-1